[Event "EYCC 2024 - G18"]
[Site "?"]
[Date "2024.08.30"]
[Round "8.8"]
[White "Sevcikova, Lucia"]
[Black "Buri, Petra Zsuzsanna"]
[Result "1-0"]
[BlackElo "1946"]
[WhiteElo "2103"]
[LiveChessVersion "1.4.8"]

1. d4 {[%clk 1:30:57]} Nf6 {[%clk 1:30:52]} 2. c4 {[%clk 1:31:23]} g6
{[%clk 1:31:15]} 3. Nc3 {[%clk 1:31:50]} Bg7 {[%clk 1:31:38]} 4. e4
{[%clk 1:32:16]} d6 {[%clk 1:31:59]} 5. f4 {[%clk 1:32:42]} c5 {[%clk 1:31:47]}
6. d5 {[%clk 1:33:05]} O-O {[%clk 1:31:23]} 7. Nf3 {[%clk 1:33:29]} e6
{[%clk 1:31:04]} 8. Be2 {[%clk 1:33:51]} exd5 {[%clk 1:26:59]} 9. cxd5
{[%clk 1:34:15]} Re8 {[%clk 1:24:14]} 10. e5 {[%clk 1:34:32]} dxe5
{[%clk 1:22:54]} 11. fxe5 {[%clk 1:34:56]} Ng4 {[%clk 1:21:15]} 12. e6
{[%clk 1:35:20]} fxe6 {[%clk 1:19:36]} 13. d6 {[%clk 1:35:46]} Bd7
{[%clk 1:11:52]} 14. O-O {[%clk 1:36:08]} Qb6 {[%clk 1:09:44]} 15. Ne4
{[%clk 1:26:32]} Bc6 {[%clk 1:03:56]} 16. Nfg5 {[%clk 1:17:36]} Bxe4
{[%clk 0:50:39]} 17. Nxe4 {[%clk 1:11:24]} Ne5 {[%clk 0:43:48]} 18. Bg5
{[%clk 0:53:01]} Nbd7 {[%clk 0:40:42]} 19. Be7 {[%clk 0:52:47]} Qxb2
{[%clk 0:26:05]} 20. Bg4 {[%clk 0:43:15]} Nxg4 {[%clk 0:16:48]} 21. Qxg4
{[%clk 0:43:29]} Qd4+ {[%clk 0:16:11]} 22. Kh1 {[%clk 0:42:56]} Nf8
{[%clk 0:13:47]} 23. Rad1 {[%clk 0:35:27]} h5 {[%clk 0:07:38]} 24. Qf4
{[%clk 0:32:31]} Qe5 {[%clk 0:06:30]} 25. Qf7+ {[%clk 0:32:23]} Kh8
{[%clk 0:05:57]} 26. Bf6 {[%clk 0:31:41]} Qxe4 {[%clk 0:04:15]} 27. Qxg7#
{[%clk 0:32:05]} 1-0

[Event "EYCC 2024 - G18"]
[Site "?"]
[Date "2024.08.30"]
[Round "8.9"]
[White "Voigt, Anastasia"]
[Black "Bondar, Daria"]
[Result "0-1"]
[BlackElo "1962"]
[WhiteElo "2037"]
[LiveChessVersion "1.4.8"]

1. e4 {[%clk 1:30:58]} c6 {[%clk 1:30:53]} 2. d4 {[%clk 1:31:24]} d5
{[%clk 1:31:18]} 3. Nc3 {[%clk 1:31:49]} dxe4 {[%clk 1:31:43]} 4. Nxe4
{[%clk 1:32:12]} Nf6 {[%clk 1:32:09]} 5. Nxf6+ {[%clk 1:32:33]} exf6
{[%clk 1:32:32]} 6. c3 {[%clk 1:32:45]} Bd6 {[%clk 1:32:56]} 7. Bd3
{[%clk 1:32:53]} O-O {[%clk 1:33:15]} 8. Qc2 {[%clk 1:33:15]} Re8+
{[%clk 1:33:41]} 9. Ne2 {[%clk 1:33:35]} h5 {[%clk 1:33:56]} 10. Be3
{[%clk 1:33:52]} Nd7 {[%clk 1:34:03]} 11. O-O-O {[%clk 1:33:21]} Nf8
{[%clk 1:34:11]} 12. c4 {[%clk 1:32:13]} h4 {[%clk 1:33:51]} 13. h3
{[%clk 1:31:31]} Be6 {[%clk 1:33:17]} 14. Kb1 {[%clk 1:29:50]} Rc8
{[%clk 1:32:08]} 15. Nc3 {[%clk 1:29:10]} Ng6 {[%clk 1:14:51]} 16. Ne4
{[%clk 1:13:52]} b5 {[%clk 1:02:53]} 17. Nc5 {[%clk 1:02:52]} Bxc4
{[%clk 0:40:51]} 18. Bxc4 {[%clk 1:01:56]} bxc4 {[%clk 0:41:18]} 19. Qxc4
{[%clk 1:01:40]} Qc7 {[%clk 0:33:46]} 20. Rd3 {[%clk 0:51:05]} Bf4
{[%clk 0:24:44]} 21. Rb3 {[%clk 0:49:02]} Qd6 {[%clk 0:23:28]} 22. Rd1
{[%clk 0:41:23]} Ne7 {[%clk 0:20:17]} 23. Rb7 {[%clk 0:30:41]} Rc7
{[%clk 0:13:55]} 24. Bxf4 {[%clk 0:16:22]} Qxf4 {[%clk 0:14:23]} 25. Rxc7
{[%clk 0:16:39]} Qxc7 {[%clk 0:14:51]} 26. Re1 {[%clk 0:16:56]} Rd8
{[%clk 0:14:04]} 27. Nb3 {[%clk 0:14:34]} Nf5 {[%clk 0:12:12]} 28. Qc5
{[%clk 0:13:14]} Rd5 {[%clk 0:05:05]} 29. Qc3 {[%clk 0:09:22]} g6
{[%clk 0:04:12]} 30. Re4 {[%clk 0:08:12]} Kg7 {[%clk 0:04:06]} 31. Re1
{[%clk 0:06:43]} Qf4 {[%clk 0:02:58]} 32. Qxc6 {[%clk 0:05:10]} Qxf2
{[%clk 0:02:54]} 33. Qxd5 {[%clk 0:03:22]} Qxe1+ {[%clk 0:03:21]} 34. Nc1
{[%clk 0:03:45]} Ne3 {[%clk 0:03:19]} 35. Qe4 {[%clk 0:02:51]} Qd2
{[%clk 0:03:30]} 36. Nb3 {[%clk 0:02:05]} Qd1+ {[%clk 0:03:43]} 37. Nc1
{[%clk 0:02:27]} Nc4 {[%clk 0:02:31]} 38. Qc6 {[%clk 0:01:51]} Qxd4
{[%clk 0:02:12]} 39. Qb7 {[%clk 0:01:26]} Nd2+ {[%clk 0:00:55]} 40. Kc2
{[%clk 0:01:51]} Ne4 {[%clk 0:01:18]} 41. Qc6 {[%clk 0:00:59]} Qd2+
{[%clk 0:01:19]} 42. Kb1 {[%clk 0:00:55]} Qxg2 {[%clk 0:01:37]} 43. Ka1
{[%clk 0:00:58]} Qd2 {[%clk 0:01:11]} 44. a3 {[%clk 0:01:02]} Ng5
{[%clk 0:01:18]} 45. Ka2 {[%clk 0:00:45]} Nxh3 {[%clk 0:01:06]} 46. Nb3
{[%clk 0:01:10]} Qe3 {[%clk 0:01:25]} 47. Qh1 {[%clk 0:01:22]} Qg3
{[%clk 0:01:07]} 48. Nd2 {[%clk 0:01:25]} Nf2 {[%clk 0:01:06]} 49. Qc6
{[%clk 0:01:29]} h3 {[%clk 0:01:07]} 50. Nc4 {[%clk 0:01:25]} h2 {[%clk 0:00:56]}
51. Nd6 {[%clk 0:01:26]} h1=Q {[%clk 0:00:42]} 52. Ne8+ {[%clk 0:01:28]} Kf8
{[%clk 0:00:50]} 53. Qc8 {[%clk 0:00:45]} Qd5+ {[%clk 0:01:16]} 54. Kb1
{[%clk 0:01:08]} Qg1+ {[%clk 0:01:30]} 55. Kc2 {[%clk 0:01:31]} Qd3#
{[%clk 0:01:56]} 0-1

[Event "EYCC 2024 - G18"]
[Site "?"]
[Date "2024.08.30"]
[Round "8.10"]
[White "Tsakona, Maria"]
[Black "Verheij, Dana"]
[Result "1/2-1/2"]
[BlackElo "1941"]
[WhiteElo "2031"]
[LiveChessVersion "1.4.8"]

1. d4 {[%clk 1:30:56]} f5 {[%clk 1:30:56]} 2. Bf4 {[%clk 1:30:11]} Nf6
{[%clk 1:31:02]} 3. e3 {[%clk 1:29:56]} d6 {[%clk 1:31:02]} 4. Nc3
{[%clk 1:29:15]} e6 {[%clk 1:30:39]} 5. Nf3 {[%clk 1:27:24]} Be7 {[%clk 1:29:10]}
6. h3 {[%clk 1:27:01]} O-O {[%clk 1:27:22]} 7. Bd3 {[%clk 1:25:05]} Nc6
{[%clk 1:23:57]} 8. g4 {[%clk 1:10:16]} Nb4 {[%clk 1:01:10]} 9. Be2
{[%clk 1:08:57]} Nbd5 {[%clk 0:37:45]} 10. Nxd5 {[%clk 1:02:20]} Nxd5
{[%clk 0:38:11]} 11. Bh2 {[%clk 1:02:01]} Bh4 {[%clk 0:37:34]} 12. Qd2
{[%clk 1:00:05]} Nf6 {[%clk 0:33:47]} 13. Qd3 {[%clk 0:42:57]} Ne4
{[%clk 0:29:44]} 14. Bg1 {[%clk 0:42:14]} d5 {[%clk 0:29:13]} 15. Rh2
{[%clk 0:38:45]} Be7 {[%clk 0:26:35]} 16. O-O-O {[%clk 0:37:42]} a5
{[%clk 0:24:10]} 17. Rg2 {[%clk 0:36:00]} b6 {[%clk 0:22:48]} 18. c3
{[%clk 0:35:11]} a4 {[%clk 0:21:08]} 19. a3 {[%clk 0:32:01]} c5 {[%clk 0:19:50]}
20. Qc2 {[%clk 0:31:14]} Bd7 {[%clk 0:19:11]} 21. gxf5 {[%clk 0:30:09]} Rxf5
{[%clk 0:17:50]} 22. Ne5 {[%clk 0:29:53]} b5 {[%clk 0:14:14]} 23. Bd3
{[%clk 0:28:38]} b4 {[%clk 0:12:55]} 24. Bxe4 {[%clk 0:24:52]} dxe4
{[%clk 0:11:17]} 25. Qxe4 {[%clk 0:25:02]} Rxe5 {[%clk 0:09:57]} 26. dxe5
{[%clk 0:21:29]} bxa3 {[%clk 0:07:14]} 27. f4 {[%clk 0:12:56]} a2
{[%clk 0:07:06]} 28. Kc2 {[%clk 0:12:45]} Qb6 {[%clk 0:05:23]} 29. Qxa8+
{[%clk 0:12:45]} Kf7 {[%clk 0:05:44]} 30. b4 {[%clk 0:08:23]} axb3+
{[%clk 0:05:41]} 31. Kb2 {[%clk 0:08:43]} Bc6 {[%clk 0:05:55]} 32. Rxg7+
{[%clk 0:08:21]} Kxg7 {[%clk 0:06:16]} 33. Qc8 {[%clk 0:07:57]} Qb5
{[%clk 0:03:59]} 34. Re1 {[%clk 0:02:55]} Qd3 {[%clk 0:04:05]} 35. Qxe6
{[%clk 0:02:47]} Qd2+ {[%clk 0:03:02]} 36. Ka3 {[%clk 0:03:12]} Qxe1
{[%clk 0:02:56]} 37. Qxe7+ {[%clk 0:03:38]} Kg8 {[%clk 0:02:23]} 38. Qg5+
{[%clk 0:03:36]} Kf7 {[%clk 0:01:51]} 39. Qf6+ {[%clk 0:04:01]} Kg8
{[%clk 0:02:09]} 40. Qe6+ {[%clk 0:03:49]} Kg7 {[%clk 0:02:23]} 41. Qe7+
{[%clk 0:04:07]} Kg8 {[%clk 0:02:30]} 42. Qd8+ {[%clk 0:04:26]} Kg7
{[%clk 0:02:27]} 43. Qg5+ {[%clk 0:03:39]} Kf7 {[%clk 0:02:32]} 44. Qf6+
{[%clk 0:00:43]} Kg8 {[%clk 0:02:54]} 45. Qe6+ {[%clk 0:01:08]} Kg7
{[%clk 0:03:04]} 46. Qg4+ {[%clk 0:01:32]} Kf7 {[%clk 0:03:09]} 47. Qf5+
{[%clk 0:01:26]} Ke7 {[%clk 0:02:54]} 48. Qf6+ {[%clk 0:01:51]} Kd7
{[%clk 0:03:13]} 49. Qd6+ {[%clk 0:02:15]} Ke8 {[%clk 0:03:30]} 50. Qxc6+
{[%clk 0:02:41]} Kf7 {[%clk 0:03:53]} 51. e6+ {[%clk 0:02:27]} Kf6
{[%clk 0:03:52]} 52. e7+ {[%clk 0:02:50]} Kxe7 {[%clk 0:03:58]} 53. Qxc5+
{[%clk 0:03:18]} Kf6 {[%clk 0:04:13]} 54. Qg5+ {[%clk 0:03:24]} Kf7
{[%clk 0:04:13]} 55. Qd5+ {[%clk 0:03:32]} Kf6 {[%clk 0:04:11]} 56. Qd6+
{[%clk 0:03:58]} Kf7 {[%clk 0:04:25]} 57. Qd7+ {[%clk 0:04:21]} Kf6
{[%clk 0:04:37]} 58. Qc6+ {[%clk 0:04:32]} Kf5 {[%clk 0:04:04]} 59. Qb5+
{[%clk 0:04:34]} Ke4 {[%clk 0:02:28]} 60. Qc6+ {[%clk 0:04:59]} Kd3
{[%clk 0:02:14]} 61. Qd5+ {[%clk 0:05:25]} Ke2 {[%clk 0:02:09]} 62. Qg2+
{[%clk 0:05:27]} Kd3 {[%clk 0:01:23]} 63. Qd5+ {[%clk 0:02:22]} Ke2
{[%clk 0:01:45]} 64. Qg2+ {[%clk 0:02:47]} Kd3 {[%clk 0:01:53]} 65. Qd5+
{[%clk 0:00:46]} Ke2 {[%clk 0:02:18]} 66. Qg2+ {[%clk 0:00:34]} Kd3
{[%clk 0:02:42]} 67. Qd5+ {[%clk 0:00:33]} Ke2 1/2-1/2

[Event "EYCC 2024 - G18"]
[Site "?"]
[Date "2024.08.30"]
[Round "8.11"]
[White "Vasylchuk, Diana"]
[Black "Striskova, Lucia"]
[Result "1/2-1/2"]
[BlackElo "1937"]
[WhiteElo "1983"]
[LiveChessVersion "1.4.8"]

1. e4 {[%clk 1:30:57]} e5 {[%clk 1:30:29]} 2. Nf3 {[%clk 1:30:59]} Nc6
{[%clk 1:30:46]} 3. d4 {[%clk 1:30:46]} exd4 {[%clk 1:31:04]} 4. Bc4
{[%clk 1:30:49]} Nf6 {[%clk 1:30:52]} 5. O-O {[%clk 1:30:51]} Nxe4
{[%clk 1:26:47]} 6. Re1 {[%clk 1:30:52]} d5 {[%clk 1:27:07]} 7. Bxd5
{[%clk 1:30:57]} Qxd5 {[%clk 1:27:18]} 8. Nc3 {[%clk 1:31:22]} Qh5
{[%clk 1:19:22]} 9. Nxe4 {[%clk 1:30:07]} Be6 {[%clk 1:19:30]} 10. Nxd4
{[%clk 1:01:29]} Qxd1 {[%clk 1:19:45]} 11. Rxd1 {[%clk 1:01:55]} O-O-O
{[%clk 1:18:05]} 12. Be3 {[%clk 0:58:32]} Nxd4 {[%clk 1:18:16]} 13. Rxd4
{[%clk 0:56:56]} Be7 {[%clk 1:17:52]} 14. c3 {[%clk 0:48:16]} Rxd4
{[%clk 1:16:33]} 15. Bxd4 {[%clk 0:47:56]} f6 {[%clk 1:16:39]} 16. f3
{[%clk 0:43:00]} Re8 {[%clk 1:16:07]} 17. b3 {[%clk 0:38:35]} a6 {[%clk 1:11:40]}
18. Kf2 {[%clk 0:37:29]} f5 {[%clk 1:11:12]} 19. Nc5 {[%clk 0:35:08]} Bxc5
{[%clk 1:11:33]} 1/2-1/2

[Event "EYCC 2024 - G18"]
[Site "?"]
[Date "2024.08.30"]
[Round "8.12"]
[White "Trasakova, Adela"]
[Black "Karaivanova, Petya"]
[Result "1/2-1/2"]
[BlackElo "1969"]
[WhiteElo "1853"]
[LiveChessVersion "1.4.8"]

1. d4 {[%clk 1:30:57]} d5 {[%clk 1:30:56]} 2. Nf3 {[%clk 1:31:23]} Nf6
{[%clk 1:31:22]} 3. g3 {[%clk 1:31:48]} Bg4 {[%clk 1:31:49]} 4. Bg2
{[%clk 1:31:53]} e6 {[%clk 1:32:04]} 5. c4 {[%clk 1:31:59]} c6 {[%clk 1:32:26]}
6. Qb3 {[%clk 1:31:47]} Qc8 {[%clk 1:31:21]} 7. Nc3 {[%clk 1:31:04]} Nbd7
{[%clk 1:31:38]} 8. Bf4 {[%clk 1:29:30]} dxc4 {[%clk 1:24:12]} 9. Qxc4
{[%clk 1:29:44]} Nb6 {[%clk 1:24:24]} 10. Qb3 {[%clk 1:27:23]} Be7
{[%clk 1:22:18]} 11. O-O {[%clk 1:22:52]} O-O {[%clk 1:22:04]} 12. e4
{[%clk 1:21:33]} Rd8 {[%clk 1:19:20]} 13. Rfd1 {[%clk 1:19:11]} Bh5
{[%clk 1:03:33]} 14. Rac1 {[%clk 1:16:04]} Qd7 {[%clk 1:03:33]} 15. h3
{[%clk 1:06:36]} Qe8 {[%clk 0:58:44]} 16. a4 {[%clk 1:01:25]} c5 {[%clk 0:44:54]}
17. a5 {[%clk 0:53:07]} Nbd7 {[%clk 0:44:10]} 18. e5 {[%clk 0:49:58]} Nd5
{[%clk 0:39:15]} 19. Nxd5 {[%clk 0:50:20]} exd5 {[%clk 0:39:41]} 20. Qxd5
{[%clk 0:50:25]} cxd4 {[%clk 0:38:57]} 21. Rxd4 {[%clk 0:44:29]} Nc5
{[%clk 0:37:53]} 22. Qc4 {[%clk 0:44:18]} Rdc8 {[%clk 0:36:00]} 23. Qa2
{[%clk 0:36:41]} Ne6 {[%clk 0:28:19]} 24. Rxc8 {[%clk 0:36:12]} Rxc8
{[%clk 0:28:35]} 25. Rc4 {[%clk 0:36:17]} Rd8 {[%clk 0:27:58]} 26. Be3
{[%clk 0:34:33]} Qb5 {[%clk 0:20:35]} 27. Bxa7 {[%clk 0:31:12]} 1/2-1/2